Responses for Show #4359 - Thursday, July 10, 2003

Contestants

[<< previous game]

Ed Glenn, a college professor from Miami, Florida

Erika Amato, an actress and singer from Los Angeles, California

Nulty Lynch, a financial printer from Greenbelt, Maryland (whose 1-day cash winnings total $16,401)

[next game >>]

Jeopardy! Round responses

EARLY AMERICA
SHE MARRIED A ROCKER
HMMM, I WONDER
BETTER KNOWN AS...
SCIENCE & TECH DIGEST: 1885
IN THE DICTIONARY
    $200 12
(Alex: It was a pipe.)

tobacco

Ed
    $200 7
Jerry Hall

Erika
    $200 19
Bermuda

Ed
    $200 26
Cheech Marin

Erika
    $200 6
wheels

Erika
    $200 1
2

Ed
    $400 13
Columbia River

Triple Stumper
    $400 8
Eric Clapton

Ed
    $400 20
Bigfoot/Sasquatch

Erika
    $400 27
Tip O'Neill

Erika
    $400 15
fingerprints

Ed
    $400 2
speak

Nulty
    $600 14
corn

Nulty
    $600 9
Bruce Springsteen

Ed
    $600 21
(Nulty: What are astrological tables?)

palms

NultyEd
    $600 28
"Squeaky" Fromme

Ed
    $600 18
skyscrapers

Erika
    $600 3
creche

Nulty
    $800 16
St. Lawrence

Ed
    $800 10
(Erika: Who is Altman?)

Gregg Allman

ErikaEd
    $1,000 22
telekinesis

Ed
    $800 29
"Baby Doc" Duvalier

Nulty
    $800 24
automobile

Ed
    $800 4
chinook

Ed
    $1000 17
Cibola

Nulty
    $1000 11
Tommy Lee & Richie Sambora

Triple Stumper
    $1000 23
Lake Champlain

Ed
    $1000 30
"Swifty" Lazar

Triple Stumper
    $1000 25
transformer

Nulty
    $1000 5
cliche

Nulty

Scores at the first commercial break (after clue 15):

Nulty Erika Ed
$2,600 -$400 $3,400

Scores at the end of the Jeopardy! Round:

Nulty Erika Ed
$4,800 $1,200 $8,400

Double Jeopardy! Round responses

ENGLAND
THE SILVER SCREEN
AUTHOR-ITATIVE INFORMATION
THE HARP
MR. JOHNSON
THE STORY OF "O"
    $400 11
Mary, Queen of Scots

Ed
    $400 1
My Big Fat Greek Wedding

Nulty
    $400 26
the

Triple Stumper
    $400 15
pinkies

Nulty
    $400 13
Lyndon B. Johnson

Ed
    $400 3
Ottawa

Nulty
    $800 12
House of Commons

Nulty
    $800 2
Tin Men

Triple Stumper
    $800 27
Norman Mailer

Triple Stumper
    $800 22
pedals

Nulty
    $800 14
Arte Johnson

Erika
    $800 4
oases (oasis)

Erika
    $1200 19
the "Chunnel"

Ed
    $1200 5
Goodfellas

Nulty
    $1200 28
D.H. Lawrence

Erika
    $1200 23
47

Erika
    $1200 16
Andrew Johnson

Ed
    $1200 6
octopus

Ed
    $1600 20
(Ed: What is Sherwood?)

Nottinghamshire

ErikaEd
    $1600 7
K-Pax

Nulty
    $1600 29
(Ed: What is iambic pentameter?)

abba

Ed
Triple Stumper
    $1600 24
Harpo Marx

Ed
    $1600 17
Robert Johnson

Ed
    $1600 8
George Orwell

Erika
    $1,000 21
(Erika: What is the Union Jack?)

James I (also known as James VI of Scotland)

Erika
    $2000 9
(Erika: Who is Gloria Estefan?)

Meryl Streep

Erika
Triple Stumper
    $2000 30
Robert Louis Stevenson

Triple Stumper
    $2,500 25
(Ed: What is arpeggio?)

glissando

Ed
    $2000 18
Rafer Johnson

Ed
    $2000 10
ore/oxide

Ed

Scores at the end of the Double Jeopardy! Round:

Nulty Erika Ed
$10,400 $5,400 $14,300

[wagering suggestions for these scores]

Final Jeopardy! Round responses

ANIMALS
(Alex: Have you ever seen walruses when they use their two tusks to pull themselves out of the water onto an icefloe?)
ErikaWhat is an Elephant?
$5,399
NultyWhat ?
$401
EdWhat is a starfish?
$6,501
walrus

Final scores:

Nulty Erika Ed
$9,999 $1 $7,799
2-day champion: $26,400 3rd place: $1,000 2nd place: $2,000

Game dynamics:

Coryat scores:

Nulty Erika Ed
$10,400 $6,400 $16,600
14 R,
1 W
12 R,
3 W
(including 1 DD)
23 R
(including 1 DD),
3 W
(including 1 DD)

Combined Coryat: $33,400

[game clues] [game scores] [suggest correction]

Game tape date: 2003-03-05
The J! Archive is created by fans, for fans. Scraping, republication, monetization, and malicious use prohibited; this site may use cookies and collect identifying information. See terms. The Jeopardy! game show and all elements thereof, including but not limited to copyright and trademark thereto, are the property of Jeopardy Productions, Inc. and are protected under law. This website is not affiliated with, sponsored by, or operated by Jeopardy Productions, Inc. Join the discussion at JBoard.tv.